000 00882nam a22002177a 4500
005 20140722115531.0
010 _aENG-109945-109946
020 _c3295.00 (set of 2 vols.)
_a9788180388033 (set)
020 _c3295.00 (set of 2 vol.)
_a9788180388040 (V.I)
020 _c3295.00 (set of 2 vols.)
_a9788180388057 (V.II)
035 _aEN-93478-93479
037 _bDBAD/PUB
082 _a346.54066
245 0 0 _aLexisNexis the company law manual 1927-2012
260 _aGurgaon
_bLexis Nexis
_c2012
270 _a14th Floor, Bldg. No.10, Tower-B, DLF Cyber City, Phase-II
_bGurgaon
_e122002
300 _a2V.(cccx,1370,38p.; cclii,1371-2702,38p.)
_c26cm(Hb)
500 _aIncludes index
505 _aV.I-The companies act, 1956, sections 1 to 424L V.II-The companies act, 1956, sections 425 to 658 and schedules and rules.
942 _2ddc
_cEN
_mLEX
_h346.54066
999 _c84083
_d84083